Escritores en prosa anteriores al siglo XV / (Record no. 126049)

MARC details
000 -LEADER
fixed length control field 00666cam a2200205 4500
008 - FIXED-LENGTH DATA ELEMENTS--GENERAL INFORMATION
fixed length control field 1952 spa
050 #4 - LIBRARY OF CONGRESS CALL NUMBER
Classification number PQ6171
Item number E82 1952
245 #0 - TITLE STATEMENT
Title Escritores en prosa anteriores al siglo XV /
Statement of responsibility, etc Recogidos e ilustrados por Pascual de Gayangos.
260 ## - PUBLICATION, DISTRIBUTION, ETC. (IMPRINT)
Place of publication, distribution, etc Madrid :
Name of publisher, distributor, etc Atlas,
Date of publication, distribution, etc 1952
300 ## - PHYSICAL DESCRIPTION
Extent xxii, 606 p. ;
Dimensions 27 cm.
440 #0 - SERIES STATEMENT/ADDED ENTRY--TITLE
Title Biblioteca de Autores Españoles: desde la formación del len-
440 #0 - SERIES STATEMENT/ADDED ENTRY--TITLE
Title guaje hasta nuestros días
500 ## - GENERAL NOTE
General note 1 ejemplar
504 ## - BIBLIOGRAPHY, ETC. NOTE
Bibliography, etc Incluye glosario
650 #4 - SUBJECT ADDED ENTRY--TOPICAL TERM
Topical term or geographic name as entry element Literatura Española
700 1# - ADDED ENTRY--PERSONAL NAME
Personal name Gayangos, Pascual,
Relator term comp
942 ## - ADDED ENTRY ELEMENTS (KOHA)
Source of classification or shelving scheme Biblioteca del Cogreso de los Estados Unidos
Koha item type Libro
Holdings
Estado de pérdida Fuente de clasificación Estado del daño No para préstamo Ubicación permanente Ubicación actual Apartado o colección Fecha de adquisición Edición Área del conocimiento Clasificación Código de Barras Date last seen Número de copia Tipo de recurso
  Biblioteca del Cogreso de los Estados Unidos     Biblioteca de la Facultad de Filosofía Biblioteca de la Facultad de Filosofía General 17/08/2017 1a. ed. Educación y Humanidades PQ6171 E82 1952 BFF000028308 17/08/2017 C:1 T.51 Libro